Marvel Phase 4 Characters - Statistics

General Stats
  • This quiz has been taken 47 times
  • The average score is 42 of 76
Answer Stats
Alter Ego First App Actor Answer % Correct
Agnes WandaVision Kathryn Hahn Agatha Harkness
85%
Kamala Khan Miss Marvel Iman Vellani Miss Marvel
83%
Shaun Shang-Chi Simu Liu Shang-Chi
83%
NA Black Widow Florence Pugh Yelena Belova
83%
Matt Murdock She-Hulk Charlie Cox Daredevil
80%
Otto Octavious No Way Home Alfred Molina Doctor Octopus
80%
Maxwell Dillon No Way Home Jamie Foxx Electro
80%
NA Love and Thunder Christian Bale Gorr the Godbutcher
80%
Norman Osborn No Way Home Willem Dafoe Green Goblin
80%
Flint Marko No Way Home Thomas Haden Church Sandman
80%
Jennifer Walters She-Hulk Tatiana Maslany She-Hulk
80%
Peter Parker No Way Home Tobey Maguire Spiderman
80%
Peter Parker No Way Home Andrew Garfield Spiderman
80%
Wilson Fisk Hawkeye Vincent D'Onofrio Kingpin
78%
Curt Connors No Way Home Rhys Ifans Lizard
76%
Marc Spector Moon Knight Oscar Isaac Moon Knight
76%
Maya Lopez Hawkeye Alaqua Cox Echo
73%
Antonia Dreykov Black Widow Olga Kurylenko Taskmaster
73%
NA Loki Jonathan Majors Kang the Conquerer
71%
NA Hawkeye Hailee Steinfeld Kate Bishop
71%
Alexei Shostakov Black Widow David Harbour Red Guardian
71%
NA Loki Sophia Di Martino Sylvie
71%
Emil Blonsky Shang-Chi Tim Roth Abomination
68%
NA Eternals Richard Madden Ikaris
68%
NA Loki Owen Wilson Mobius
68%
NA Wakanda Forever Tenoch Huerta Namor the Submariner
68%
NA Love and Thunder Russell Crowe Zeus
68%
NA Eternals Gemma Chan Sersi
66%
NA Eternals Angelina Jolie Thena
66%
NA DSMOM Xochitl Gomez America Chavez
63%
NA Shang-Chi Awkwafina Katy
63%
NA Eternals Lia McHugh Sprite
63%
John Walker TFATWS Wyatt Russell US Agent
63%
NA Eternals Salma Hayek Ajak
61%
NA Eternals Ma Dong-Seok Gilgamesh
61%
Riri Williams Wakanda Forever Dominique Thorne Ironheart
61%
NA Shang-Chi Tony Leung Xu Wenwu
61%
NA Werewolf By Night Gael Garcia Bernal Jack Russell
59%
NA Eternals Brian Tyree Henry Phastos
59%
NA Eternals Barry Keoghan Druig
56%
NA Love and Thunder Brett Goldstein Hercules
56%
Dane Whitman Eternals Kit Harrington Black Knight
54%
NA Eternals Kumail Nanjiani Kingo
54%
Tommy Maximoff WandaVision Jett Klyne Speed
54%
Billy Maximoff WandaVision Julian Hilliard Wiccan
54%
NA Eternals Lauren Ridloff Makkari
49%
NA Black Widow Ray Winstone Dreykov
46%
NA TFATWS Julia Louis-Dreyfus Valentina de Fontaine
46%
NA DSMOM Charlize Theron Clea
44%
Layla El-Faouly Moon Knight May Calamawy Scarlet Scarab
44%
NA She-Hulk Jameela Jamil Titania
44%
NA Hawkeye Vera Farmiga Eleanor Bishop
41%
NA Black Widow Rachel Weisz Melina
41%
Jack Duquesne Hawkeye Tony Dalton Swordsman
41%
NA Wakanda Forever Mabel Cadena Namora
39%
Monica Rambeau WandaVision Teyonah Parris Spectrum
39%
NA TFATWS Erin Kellyman Karli Morgenthau
37%
NA Moon Knight Murray Abraham Khonshu
37%
NA Loki Gugu Mbatha-Raw Ravonna
37%
NA Shang-Chi Meng'er Zhang Xialing
37%
NA Miss Marvel Saagar Shaikh Aamir Khan
34%
NA Moon Knight Ethan Hawke Arthur Harrow
34%
NA Werewolf By Night Laura Donnelly Elsa Bloodstone
34%
Ted Werewolf By Night Carey Jones Man Thing
34%
NA Wakanda Forever Alex Livinalli Attuma
32%
Lemar Hoskins TFATWS Cle Bennett Battlestar
32%
NA Miss Marvel Matt Lintz Bruno Carelli
32%
NA Shang-Chi Florian Munteanu Razor Fist
32%
NA Shang-Chi Andy Le Death Dealer
27%
NA Hawkeye Fra Fee Kazi
27%
NA Miss Marvel Aramis Knight Red Dagger
27%
NA Miss Marvel Rish Shah Kamran
22%
NA Miss Marvel Nimra Bucha Najma
22%
Augustus Pugliese She-Hulk Josh Segarra Pug
22%
NA Miss Marvel Yasmeen Fletcher Nakia
20%
NA She-Hulk Ginger Gonzaga Nikkie Ramos
7%
No matching quizzes found
Score Distribution
Percent of People with Each Score
Percentile by Number Answered
Your Score History
You have not taken this quiz